000 00527nam a22001697a 4500
999 _c8557
_d8557
008 201202b ||||| |||| 00| 0 eng d
040 _aBMS College of Architecture
100 _aP, Prerana
245 _aRehabilitation center for cancer patients
300 _aNA
500 _a1BM13AT055
502 _8B,Arch
_NBMS College of Architecture, Visvesvaraya Technological University (VTU)
_aProject report
_d2017
650 _aRehabilitation
700 _aShanu Raina
_eGuide
700 _aPraveen Alva
_eGuide
942 _2ddc
_cTHE